[Event "17th Neckar Open"]
[Site "Deizisau GER"]
[Date "2013.03.29"]
[Round "2.4"]
[White "Nisipeanu,LD"]
[Black "Jacob,V"]
[Result "1-0"]
[WhiteElo "2677"]
[BlackElo "2257"]

1.c4 g6 2.g3 Bg7 3.Bg2 c5 4.Nc3 Nc6 5.d3 Nf6 6.e4 d6 7.Nge2 O-O 8.O-O Ne8
9.Be3 Nd4 10.Rb1 Nc7 11.b4 Nce6 12.f4 Nxe2+ 13.Nxe2 Nd4 14.h3 Rb8 15.bxc5 dxc5
16.e5 Nxe2+ 17.Qxe2 Bf5 18.Rb3 Qc8 19.g4 Bd7 20.Bf2 Bc6 21.Bxc6 Qxc6 22.f5 gxf5
23.gxf5 Kh8 24.Kh2 Rg8 25.Bg3 Rbd8 26.Qf3 Qxf3 27.Rxf3 b6 28.a4 Bh6 29.h4 Bd2
30.Kh3 Rd4 31.e6 f6 32.Rb2 Bc3 33.Rc2 Bb4 34.Bf4 Rgd8 35.Rg2 Rxd3 36.Rxd3 Rxd3+
37.Rg3 Rd8 38.Bh6 Rg8 39.Rxg8+ Kxg8 40.Kg4 Bc3 41.Kf3  1-0

[Event "17th Neckar Open"]
[Site "Deizisau GER"]
[Date "2013.04.01"]
[Round "8.1"]
[White "Nisipeanu,LD"]
[Black "Naiditsch,A"]
[Result "1/2-1/2"]
[WhiteElo "2677"]
[BlackElo "2706"]

1.d4 Nf6 2.c4 e6 3.Nc3 d5 4.cxd5 Nxd5 5.e4 Nxc3 6.bxc3 c5 7.a3 cxd4 8.cxd4 e5
9.Nf3 exd4 10.Qxd4 Qxd4 11.Nxd4 Bc5 12.Nb5 Na6 13.Bc4 O-O 14.O-O Be6 15.Bd5 Bxd5
16.exd5 Rad8 17.Rd1 Rfe8 18.d6 Nb8 19.Bf4 Nd7 20.Rab1 Re4 21.Be3 Ra4 22.Rb3 b6
23.Bxc5 Nxc5 24.Re3 Kf8 25.g3 g6 26.Kg2 Rd7 27.h4 h5 28.Kf3 Ne6 29.Rc3 a6
30.Rc8+ Kg7 31.Nc7 Rxa3+ 32.Ke4 Nxc7 33.Rxc7 Rxc7 34.dxc7 Rc3 35.Rd7 Rc5
36.Rd6 Rxc7 37.Rxb6 Ra7 38.Rb4 a5 39.Ra4 Kf6 40.Kf4 Ke6 41.f3 Kd5 42.g4 hxg4
43.fxg4 Kc5 44.h5 Kb5 45.Ra1 a4 46.h6 f6 47.g5 fxg5+  1/2-1/2

[Event "17th Neckar Open"]
[Site "Deizisau GER"]
[Date "2013.04.01"]
[Round "9.4"]
[White "Saric,Iv"]
[Black "Nisipeanu,LD"]
[Result "1/2-1/2"]
[WhiteElo "2616"]
[BlackElo "2677"]

1.e4 c6 2.Nc3 d5 3.d4 dxe4 4.Nxe4 Bf5 5.Ng3 Bg6 6.h4 h6 7.Nf3 e6 8.Ne5 Bh7
9.Bd3 Bxd3 10.Qxd3 Nd7 11.f4 c5 12.Be3 cxd4 13.O-O-O Nxe5 14.fxe5 Ne7 15.Bxd4 Qd5
16.Ne4 Nc6 17.c4 Qxd4 18.Qxd4 Nxd4 19.Rxd4 Rc8 20.b3 Be7 21.Rf1 Rf8 22.Rfd1 Rc7
23.Nd6+  1/2-1/2

[Event "2nd Server24 Open"]
[Site "Ortisei ITA"]
[Date "2013.06.04"]
[Round "4.1"]
[White "Nisipeanu,LD"]
[Black "Warakomski,T"]
[Result "1-0"]
[WhiteElo "2667"]
[BlackElo "2488"]

1.d4 Nf6 2.c4 e6 3.Nc3 Bb4 4.e3 b6 5.Ne2 c5 6.a3 cxd4 7.exd4 Be7 8.d5 exd5
9.cxd5 Bd6 10.Nb5 Qe7 11.g3 Ne4 12.Bg2 Ba6 13.Nxd6+ Nxd6 14.Be3 O-O 15.O-O Re8
16.Re1 Bb7 17.Nc3 Na6 18.Bf4 Qf6 19.Rxe8+ Rxe8 20.Rc1 Nc4 21.Ne4 Rxe4 22.Bxe4 Nxb2
23.Qh5 g6 24.Be5 Qe7 25.d6 Qe8 26.Qg5  1-0

[Event "21st Montcada Open"]
[Site "Montcada i Reixac ESP"]
[Date "2013.06.25"]
[Round "1.1"]
[White "Nisipeanu,LD"]
[Black "Nicolas Zapata,I"]
[Result "1/2-1/2"]
[WhiteElo "2667"]
[BlackElo "2283"]

1.d4 Nf6 2.c4 e6 3.Nc3 Bb4 4.e3 b6 5.Ne2 Ne4 6.Bd2 Nxd2 7.Qxd2 Bb7 8.a3 Be7
9.d5 a5 10.Nb5 O-O 11.d6 cxd6 12.Nxd6 Bc6 13.Nc3 Na6 14.Rd1 f5 15.Ndb5 Bg5
16.Nd4 Bb7 17.Nf3 Bxf3 18.gxf3 f4 19.Ne4 fxe3 20.Qxd7 Qxd7 21.Rxd7 Bh4 22.Rg1 g5
23.Rd3 Rxf3 24.Ke2 Rf4 25.Rxe3 Raf8 26.f3 Nc5 27.Nxg5 Bxg5 28.Rxg5+ Kh8 29.b4 axb4
30.axb4 Na6 31.b5 Nc5 32.Rg4 Rxg4 33.fxg4 Rf4 34.h3  1/2-1/2

[Event "21st Montcada Open"]
[Site "Montcada i Reixac ESP"]
[Date "2013.06.30"]
[Round "6.2"]
[White "Nisipeanu,LD"]
[Black "Moreno Ruiz,J"]
[Result "1-0"]
[WhiteElo "2667"]
[BlackElo "2486"]

1.d4 Nf6 2.c4 e6 3.Nc3 Bb4 4.e3 b6 5.Ne2 Ba6 6.Ng3 Bxc3+ 7.bxc3 d5 8.Ba3 Bxc4
9.Bxc4 dxc4 10.Qa4+ Qd7 11.Qxc4 Qc6 12.Qxc6+ Nxc6 13.c4 O-O-O 14.Ke2 Rd7
15.Bb2 Rhd8 16.Bc3 Ne8 17.Rhc1 g6 18.Be1 f5 19.a4 Nb8 20.a5 c6 21.Kf1 Kb7
22.axb6 axb6 23.Rab1 Ka7 24.Ne2 Nd6 25.Rc2 Na6 26.Nf4 Re8 27.Nd3 c5 28.Ra1 Kb7
29.Rca2 Ra8 30.dxc5 Nxc4 31.Nb4 Nxb4 32.Rxa8 Nc6 33.cxb6 Nxb6 34.Re8 e5 35.Rb1 Kc7
36.Re6 Nc8 37.Rc1 Nd6 38.Bb4 e4 39.h4  1-0

[Event "33rd Benasque Open"]
[Site "Benasque ESP"]
[Date "2013.07.06"]
[Round "3.2"]
[White "Nisipeanu,LD"]
[Black "Mascaro March,P"]
[Result "1/2-1/2"]
[WhiteElo "2670"]
[BlackElo "2418"]

1.d4 Nf6 2.c4 e6 3.Nc3 Bb4 4.e3 O-O 5.Bd3 d5 6.cxd5 exd5 7.Ne2 Re8 8.Bd2 b6
9.Rc1 Bf8 10.O-O Bb7 11.Nf4 Nbd7 12.Qf3 Ne4 13.Ncxd5 Nxd2 14.Qh3 Ne4 15.Nxc7 Bd6
16.Nxe8 Qxe8 17.Bb5 Rd8 18.Nh5 g6 19.Ng3 Nxg3 20.hxg3 Qe4 21.Be2 Nf6 22.Bf3 Qe7
23.Bxb7 Qxb7 24.Rc3 Nd5 25.Rcc1 Nf6 26.Rc3 Nd5 27.Rcc1  1/2-1/2

[Event "33rd Benasque Open"]
[Site "Benasque ESP"]
[Date "2013.07.13"]
[Round "10.9"]
[White "Shyam,SM"]
[Black "Nisipeanu,LD"]
[Result "0-1"]
[WhiteElo "2505"]
[BlackElo "2670"]

1.d4 Nf6 2.c4 g6 3.Nc3 Bg7 4.e4 d6 5.Nf3 O-O 6.h3 e5 7.dxe5 dxe5 8.Qxd8 Rxd8
9.Be3 Nc6 10.Rd1 Be6 11.Nd5 Nxe4 12.Nxc7 Rxd1+ 13.Kxd1 Rd8+ 14.Kc1 Bd7 15.Nd5 f5
16.Bd3 Nf6 17.Bg5 Kf7 18.Bc2 e4 19.Nd2 Rc8 20.Bxf6 Bxf6 21.f3 Bg5 22.f4 Bh6
23.Rf1 Nd4 24.Kd1 Be6 25.Ne3 Rd8 26.Rf2 Bf8 27.Kc1 Bc5 28.Ndf1 b5 29.cxb5 Bxa2
30.Ba4 Bb4 31.Nc2 Nb3+ 32.Bxb3+ Bxb3 33.Nfe3 Bc5 34.Rd2 Rd3 35.Nd1 Bd6 36.g3 Bc4
37.Rxd3 Bxd3 38.Nc3 g5 39.Nd5 gxf4 40.Nxf4 Bxf4+ 41.gxf4 Bxc2 42.Kxc2 Ke6
43.Kc3 Kd5 44.b4 e3 45.Kd3 e2 46.Kxe2 Ke4  0-1

[Event "Czech Open G1 Rapid 2013"]
[Site "Pardubice CZE"]
[Date "2013.07.17"]
[Round "1.4"]
[White "Villegas,P"]
[Black "Nisipeanu,LD"]
[Result "0-1"]
[WhiteElo "2288"]
[BlackElo "2670"]

1.d4 e6 2.c4 Bb4+ 3.Bd2 Bxd2+ 4.Qxd2 f5 5.g3 Nf6 6.Bg2 O-O 7.Nc3 d6 8.Nf3 Nc6
9.O-O e5 10.d5 Ne7 11.Ng5 Ng6 12.Ne6 Bxe6 13.dxe6 c6 14.Rad1 Ne8 15.e4 f4
16.c5 Qe7 17.cxd6 Qxe6 18.d7 Nf6 19.d8=Q Raxd8 20.Qxd8 Rxd8 21.Rxd8+ Kf7
22.Rfd1 Qe7 23.R1d6 Qc7 24.Bh3 Ke7 25.Rd2 Qxd8 26.Rxd8 Kxd8 27.f3 Kc7 28.Kf2 Kd6
29.Bc8 b5 30.b4 Kc7 31.Bf5 Ne7 32.Bh3 g5 33.Ke2 h5 34.Be6 Kd6 35.Bf7 fxg3
36.hxg3 h4 37.gxh4 gxh4 38.Kf2 a6 39.Kg2 c5 40.bxc5+ Kxc5 41.Kh3 Kd4 42.Nd1 Nd7
43.Kxh4 Nc5 44.Kg5 Nd3 45.Kf6 Nc6 46.Bg8 a5 47.Ke6 a4 48.Kd6 Na5 49.Kc7 Nc4
50.Kc6 Na3 51.Kb6 Ne1 52.Ka5 Kc5 53.Nc3 Nxf3 54.Nxa4+ bxa4 55.Kxa4 Nc4 56.Kb3 Ncd2+
57.Kc3 Nxe4+ 58.Kd3 Nf6 59.Be6 Nd4 60.Bc8 e4+ 61.Ke3 Nc2+ 62.Kd2 Na3 63.Ke3 Nc4+
64.Ke2 Nd5 65.Bf5 Nc3+ 66.Ke1 e3 67.Bg4 Nxa2 68.Bh5 Kd4 69.Kd1 Nc3+ 70.Ke1 Ne5
71.Kf1 Ke4 72.Ke1 Nf3+  0-1

[Event "Czech Open G1 Rapid 2013"]
[Site "Pardubice CZE"]
[Date "2013.07.17"]
[Round "2.4"]
[White "Nisipeanu,LD"]
[Black "Potapov,Alexa1"]
[Result "1/2-1/2"]
[WhiteElo "2670"]
[BlackElo "2389"]

1.d4 f5 2.Nf3 Nf6 3.Bg5 Ne4 4.Bh4 d5 5.e3 g6 6.c4 c6 7.Nc3 Qa5 8.cxd5 cxd5
9.Qb3 e6 10.Bb5+ Bd7 11.Bxd7+ Nxd7 12.Qxb7 Rb8 13.Qc6 Qb6 14.Qxb6 Rxb6 15.Na4 Ra6
16.b3 Rc6 17.O-O Ba3 18.b4 Bxb4 19.Rfb1 Be7 20.Ne5 Rc7 21.Bxe7 Kxe7 22.Nxd7 Kxd7
23.f3 Nc3 24.Nxc3 Rxc3 25.Rb7+ Rc7 26.Rab1 Rc8 27.Kf2 Kd6 28.Kg3 g5 29.h4 gxh4+
30.Kf4 Rxb7 31.Rxb7 Rc2 32.Rxa7 Rxg2 33.Ra6+ Kd7 34.Ke5 Re2 35.Rd6+ Kc7 36.Kxe6 Rxe3+
37.Kxd5 Rxf3 38.Rh6 Ra3 39.Rxh4 Rxa2 40.Rxh7+ Kd8 41.Ke6 Ra6+  1/2-1/2

[Event "Czech Open G1 Rapid 2013"]
[Site "Pardubice CZE"]
[Date "2013.07.17"]
[Round "3.13"]
[White "Sundararajan,K"]
[Black "Nisipeanu,LD"]
[Result "0-1"]
[WhiteElo "2435"]
[BlackElo "2670"]

1.d4 e6 2.c4 f5 3.g3 Nf6 4.Bg2 Bb4+ 5.Bd2 Bxd2+ 6.Qxd2 O-O 7.Nc3 d6 8.Nf3 Nc6
9.O-O e5 10.dxe5 dxe5 11.Qxd8 Rxd8 12.e4 fxe4 13.Ng5 Nd4 14.Ngxe4 Nxe4 15.Bxe4 c6
16.Rfe1 Bg4 17.Kg2 Rf8 18.h3 Bh5 19.g4 Bf7 20.b3 h5 21.Rad1 Rad8 22.f3 h4
23.Rd2 Nxf3  0-1

[Event "Czech Open G1 Rapid 2013"]
[Site "Pardubice CZE"]
[Date "2013.07.18"]
[Round "5.3"]
[White "Sergeev,Vl"]
[Black "Nisipeanu,LD"]
[Result "1-0"]
[WhiteElo "2436"]
[BlackElo "2670"]

1.d4 e6 2.Nf3 f5 3.g3 Nf6 4.Bg2 b6 5.Ne5 c6 6.O-O Bb7 7.c4 Be7 8.Nd2 O-O
9.e4 d6 10.Nd3 Nxe4 11.Nxe4 fxe4 12.Bxe4 d5 13.Bg2 Bd6 14.Re1 dxc4 15.Nf4 Bxf4
16.Bxf4 Nd7 17.Qe2 Rxf4 18.gxf4 Nf8 19.Qxc4 Qf6 20.f5 Qxf5 21.Re5 Qf6 22.Rae1 Kh8
23.b4 Rd8 24.Qc3 Ba8 25.a4 h6 26.Qe3 Qe7 27.Qc3 Qd7 28.b5 cxb5 29.Bxa8 Rxa8
30.axb5 Rc8 31.Qe3 Qf7 32.d5 exd5 33.Re7 Qf6 34.Qe5 Qxe5 35.R1xe5 Rc1+ 36.Re1 Rc5
37.Rxa7 Ng6 38.Rb1 d4 39.Kg2 d3 40.Rd7 Rg5+ 41.Kf1 Nf4 42.Rb4 Nd5 43.Rd4 Nf6
44.Rd8+ Kh7 45.Rxd3 Rxb5 46.h3 Rb1+ 47.Kg2 Nh5 48.Rf3 g5 49.Rd7+ Kg6 50.Rd6+ Kg7
51.Rc3 Nf4+ 52.Kf3 Re1 53.Rc7+ Kf8 54.Rxh6 Kg8 55.Rxb6 Re8 56.Kg4 Nd5 57.Rg6+ Kh8
58.Rh6+ Kg8 59.Rd7 Re5 60.Ra6 Ne7 61.Ra8+  1-0

[Event "Czech Open G1 Rapid 2013"]
[Site "Pardubice CZE"]
[Date "2013.07.18"]
[Round "6.11"]
[White "Nisipeanu,LD"]
[Black "Savitskiy,S"]
[Result "1-0"]
[WhiteElo "2670"]
[BlackElo "2351"]

1.d4 Nf6 2.c4 g6 3.Nc3 Bg7 4.e4 d6 5.Nf3 O-O 6.h3 e5 7.d5 Nh5 8.Nh2 Qe8 9.Be2 Nf4
10.Bf3 f5 11.h4 fxe4 12.Nxe4 Bf5 13.g3 Nh5 14.Ng4 Kh8 15.Ne3 Bxe4 16.Bxe4 Nf6
17.Bg2 e4 18.Bd2 Nbd7 19.Bc3 Ne5 20.O-O Qe7 21.Qe2 Rae8 22.Rad1 Kg8 23.Bh3 Nf3+
24.Kh1 Nh5 25.Be6+ Kh8 26.Ng2 Bxc3 27.bxc3 Ng7 28.Qxe4 Nxe6 29.dxe6 Qxe6
30.Qxe6 Rxe6 31.Nf4 Re7 32.Nd5 Ref7 33.Kg2 b6 34.a4 a5 35.Ne3 Kg7 36.Rd5 h6
37.c5 bxc5 38.Nc4 g5 39.h5 g4 40.Ne3 Ne5 41.Rxe5 dxe5 42.Nxg4 Rf5 43.Re1 Rxh5
44.Nxe5 Rhf5 45.f4 h5 46.Nf3 R8f7 47.c4 Rd7 48.Re6 Rd3 49.Re7+ Kf8 50.Rxc7 Ra3
51.Nh4 Rf7 52.Rxc5 Rxa4 53.Rxh5 Ra1 54.Nf5 Rf6 55.g4 a4 56.Rh8+ Kf7 57.Rh7+ Kf8
58.Rh8+ Kf7 59.Rh7+ Kf8 60.Ra7 a3 61.c5 a2 62.Nd4 Rh6 63.c6 Rhh1 64.Ne2 Rhe1
65.Kf2 Ke8 66.Ra8+ Ke7 67.c7 Rf1+ 68.Ke3  1-0

[Event "Czech Open G1 Rapid 2013"]
[Site "Pardubice CZE"]
[Date "2013.07.18"]
[Round "7.5"]
[White "Nisipeanu,LD"]
[Black "Neverov,V"]
[Result "1/2-1/2"]
[WhiteElo "2670"]
[BlackElo "2492"]

1.d4 d5 2.c4 e6 3.Nc3 Be7 4.cxd5 exd5 5.Bf4 c6 6.Qc2 g6 7.e3 Bf5 8.Qd2 Nd7
9.Nge2 h5 10.f3 Ngf6 11.h3 h4 12.Nc1 Nh5 13.Bh2 Bg5 14.Bd3 Bxd3 15.Nxd3 Qe7
16.Kf2 O-O 17.Ne2 Rae8 18.Nef4 Nxf4 19.Bxf4 Bxf4 20.Nxf4 Qg5 21.Rhe1 Re7
22.Re2 Rfe8 23.Rae1 Nf6 24.a4 Nh5 25.Nxh5 Qxh5 26.b4 a6 27.b5 axb5 28.axb5 Qg5
29.bxc6 bxc6 30.e4 Qxd2  1/2-1/2

[Event "Czech Open G1 Rapid 2013"]
[Site "Pardubice CZE"]
[Date "2013.07.18"]
[Round "9.7"]
[White "Nisipeanu,LD"]
[Black "Neuman,P"]
[Result "1-0"]
[WhiteElo "2670"]
[BlackElo "2522"]

1.d4 Nf6 2.c4 g6 3.Nc3 Bg7 4.e4 d6 5.Bd3 O-O 6.Nge2 Nc6 7.O-O Nd7 8.Be3 e5
9.d5 Nd4 10.b4 c5 11.dxc6 bxc6 12.Bd2 f5 13.exf5 gxf5 14.Nxd4 exd4 15.Ne2 Ne5
16.Nf4 Ng6 17.c5 Be5 18.Qf3 Rb8 19.Rfe1 Qc7 20.cxd6 Bxd6 21.Bc4+ Kg7 22.Nh5+ Kh8
23.Bh6  1-0

[Event "TCh-ROU 2013"]
[Site "Mamaia ROU"]
[Date "2013.08.31"]
[Round "1.2"]
[White "Nisipeanu,LD"]
[Black "Balog,I1"]
[Result "1/2-1/2"]
[WhiteElo "2665"]
[BlackElo "2534"]

1.d4 d5 2.c4 c6 3.Nf3 Nf6 4.Nc3 a6 5.e3 g6 6.h3 Bg7 7.b3 Ne4 8.Bb2 O-O 9.Rc1 Nd7
10.cxd5 Nxc3 11.Bxc3 cxd5 12.Bd3 Nf6 13.Qc2 Qd6 14.O-O Bd7 15.Ne5 Rfc8 16.Qd2 Bf5
17.Bb4 Qd8 18.Bxf5 gxf5 19.Nd3 e6 20.a4 Ne4 21.Qb2 Bh6 22.Rfd1 a5 23.Be1 b6
24.Rxc8 Rxc8 25.Rc1 Rc7 26.Kf1 Qc8 27.Rxc7 Qxc7 28.g3 Qc8 29.Kg2 Nd6 30.Qc3 Qxc3
31.Bxc3 f6 32.Kf1 Kf7 33.Ke2 Bf8 34.f3 Be7 35.Be1 Ke8 36.Bf2 Kd8 37.Bg1 Kd7
38.Bh2 Nf7 39.g4 Bd6 40.Bxd6 Nxd6 41.Kf2 fxg4 42.hxg4 Nf7 43.Nf4 Kd6 44.Nh5 Ke7
45.e4 dxe4 46.fxe4 Nd6 47.Ke3 e5 48.Kd3 Nb7 49.dxe5  1/2-1/2

[Event "TCh-ROU 2013"]
[Site "Mamaia ROU"]
[Date "2013.09.02"]
[Round "3.2"]
[White "Nisipeanu,LD"]
[Black "Baratosi,D"]
[Result "1-0"]
[WhiteElo "2665"]
[BlackElo "2402"]

1.d4 Nf6 2.c4 e6 3.Nc3 Bb4 4.e3 b6 5.Ne2 c5 6.a3 Ba5 7.Rb1 Na6 8.Bd2 Bb7
9.Ng3 O-O 10.Bd3 Bxc3 11.bxc3 Bxg2 12.Rg1 Bb7 13.e4 Ne8 14.Qh5 g6 15.Qh6 cxd4
16.cxd4 e5 17.Nf5 d6 18.c5  1-0

[Event "TCh-ROU 2013"]
[Site "Mamaia ROU"]
[Date "2013.09.04"]
[Round "5.2"]
[White "Nisipeanu,LD"]
[Black "Valeanu,E"]
[Result "1-0"]
[WhiteElo "2665"]
[BlackElo "2456"]

1.d4 c5 2.d5 Nf6 3.Nc3 g6 4.e4 d6 5.Nf3 Bg7 6.Be2 O-O 7.O-O e6 8.Bf4 exd5
9.exd5 Bg4 10.h3 Bxf3 11.Bxf3 Ne8 12.Qd2 Nd7 13.Be2 f5 14.Be3 a6 15.a4 Qb6
16.Rfb1 Qb4 17.Nd1 Qxd2 18.Bxd2 Nc7 19.a5 Rfe8 20.Kf1 Kf8 21.Ra3 Nb5 22.Bxb5 axb5
23.b4 Nb6 24.bxc5 Nc4 25.Rd3 Nxd2+ 26.Rxd2 Rxa5 27.cxd6 Rd8 28.Rd3 Rxd6 29.Nc3 Bxc3
30.Rxc3 Rxd5 31.Rc7 Ra2 32.Rxh7 Rd2 33.Rc7 b6 34.Rc1 b4 35.Ke1 Rd5 36.Rd1 Rxd1+
37.Kxd1 b3 38.cxb3 Rxf2 39.Rc2 Rf1+ 40.Kd2 Rf2+ 41.Kd3 Rxc2 42.Kxc2 Ke7 43.Kd3 Kf6
44.Kd4 Ke6 45.h4 Kd6 46.b4 Ke6 47.b5 Kd6 48.Ke3 Kc5 49.Kf4 Kxb5 50.Kg5 Kc4
51.Kxg6 b5 52.h5 b4 53.h6 b3 54.h7 b2 55.h8=Q b1=Q 56.Qc8+ Kd4 57.Qxf5 Qb8
58.Qf6+ Kd3 59.g4 Kc2 60.g5 Kb1 61.Qf1+ Ka2 62.Qe2+ Ka1 63.Qd1+ Ka2 64.Qd2+ Ka1
65.Qd4+ Ka2 66.Kf5 Qc8+ 67.Kf4 Qc1+ 68.Kg4 Qc8+ 69.Kh4 Qe6 70.Qf2+ Kb1 71.Qf3 Qe7
72.Kg4 Qe8 73.Qf5+ Ka1 74.g6 Qe2+ 75.Kg5 Qg2+ 76.Kh6 Qh2+ 77.Kg7 Qc7+ 78.Qf7 Qc8
79.Qe7 Kb1 80.Qe4+ Ka1 81.Qe5+ Kb1 82.Kf7 Qd7+ 83.Kf6 Qd8+ 84.Kf5 Qc8+ 85.Kg5 Qd8+
86.Kh6 Qh4+ 87.Kg7 Qd8 88.Qe4+ Ka1 89.Kh7 Qc7+ 90.g7 Qc2 91.Qg6 Qh2+ 92.Qh6 Qc7
93.Qf6+ Kb1 94.Qd4 Qh2+ 95.Kg6 Qg3+ 96.Kf5 Qf3+ 97.Ke5 Qg3+ 98.Ke6 Qg6+ 99.Kd7 Qf5+
100.Kd6 Qg6+ 101.Kc5 Qg5+ 102.Kc4 Qg2 103.Kc5 Qg5+ 104.Kb6 Qg6+ 105.Ka5 Qg5+
106.Ka6 Qg6+ 107.Ka5 Qg5+ 108.Ka6 Qg3 109.Qd1+ Kb2 110.Qd2+ Kb1 111.Qd1+ Kb2
112.Qe2+ Kb1 113.Qf1+ Kb2 114.Qf6+ Kb1 115.Kb7 Qg2+ 116.Ka7 Qg4 117.Kb7 Qe4+
118.Qc6 Qe7+ 119.Qc7 Qe4+ 120.Kb8 Qe8+ 121.Ka7 Qa4+ 122.Kb6 Qb4+ 123.Kc6 Qe4+
124.Kd7 Qf5+ 125.Ke7 Qg5+ 126.Ke8 Qg6+ 127.Kd8 Qg5+ 128.Kc8 Qf5+ 129.Kb8 Qg6
130.Ka8 Ka1 131.Qa7+ Kb1 132.Qb8+ Ka1 133.g8=Q Qc6+ 134.Qb7  1-0

[Event "TCh-ROU 2013"]
[Site "Mamaia ROU"]
[Date "2013.09.05"]
[Round "6.2"]
[White "Grigoriants,S RUS"]
[Black "Nisipeanu,LD"]
[Result "1/2-1/2"]
[WhiteElo "2576"]
[BlackElo "2665"]

1.c4 e6 2.Nc3 d5 3.d4 Bb4 4.a3 Bxc3+ 5.bxc3 c5 6.e3 Ne7 7.Nf3 Nbc6 8.Bd3 dxc4
9.Bxc4 Qc7 10.O-O O-O 11.Ba2 h6 12.e4 Rd8 13.Be3 b6 14.Qe2 Bb7 15.Rad1 Ng6
16.Bc1 Nce7 17.Rfe1 Rac8 18.Bb1 Bc6 19.Bb2  1/2-1/2

[Event "TCh-ROU 2013"]
[Site "Mamaia ROU"]
[Date "2013.09.06"]
[Round "7.2"]
[White "Nisipeanu,LD"]
[Black "Berkes,F"]
[Result "1/2-1/2"]
[WhiteElo "2665"]
[BlackElo "2678"]

1.e4 c6 2.d4 d5 3.e5 Bf5 4.Nf3 e6 5.Be2 Ne7 6.c3 Nd7 7.O-O c5 8.Nh4 Be4 9.Nd2 Nc6
10.Nxe4 dxe4 11.g3 Be7 12.Ng2 Qb6 13.Be3 Rd8 14.Qa4 Qxb2  1/2-1/2

[Event "TCh-ROU 2013"]
[Site "Mamaia ROU"]
[Date "2013.09.07"]
[Round "8.2"]
[White "Petrisor,A"]
[Black "Nisipeanu,LD"]
[Result "1/2-1/2"]
[WhiteElo "2401"]
[BlackElo "2665"]

1.d4 d5 2.c4 e6 3.Nc3 Bb4 4.cxd5 exd5 5.Nf3 Nf6 6.Bg5 Nbd7 7.e3 c5 8.Bd3 Qa5
9.O-O O-O 10.Qc2 c4 11.Bf5 Re8 12.a3 Bxc3 13.Qxc3 Qxc3 14.bxc3 Ne4 15.Bxe4 dxe4
16.Nd2 Nb6 17.Rfb1 f6 18.Bh4 Re6 19.Bg3 Bd7 20.a4 Nxa4  1/2-1/2

[Event "TCh-ROU 2013"]
[Site "Mamaia ROU"]
[Date "2013.09.08"]
[Round "9.2"]
[White "Nisipeanu,LD"]
[Black "Baklan,V"]
[Result "1/2-1/2"]
[WhiteElo "2665"]
[BlackElo "2621"]

1.d4 Nf6 2.c4 e6 3.Nc3 Bb4 4.e3 O-O 5.Bd3 d5 6.Nf3 c5 7.O-O dxc4 8.Bxc4 Bd7
9.Qe2 Bc6 10.a3 Bxc3 11.bxc3 Nbd7 12.Ba2 Rc8 13.c4  1/2-1/2

[Event "TCh-ESP CECLUB Honor 2013"]
[Site "Linares ESP"]
[Date "2013.09.13"]
[Round "6.2"]
[White "Nisipeanu,LD"]
[Black "Sargissian,G"]
[Result "1/2-1/2"]
[WhiteElo "2665"]
[BlackElo "2671"]

1.d4 Nf6 2.c4 e6 3.Nc3 Bb4 4.e3 O-O 5.Bd3 d5 6.Ne2 dxc4 7.Bxc4 c5 8.O-O cxd4
9.exd4 Nbd7 10.Bf4 Nb6 11.Bb3 Bd7 12.Qd3 Bc6 13.Bg5 Be7 14.Nf4 Re8 15.Rad1 Nfd5
16.Bxe7 Rxe7 17.Nh5 Qc7 18.Qd2 h6 19.Bxd5 Nxd5 20.Nxd5 Bxd5 21.Rc1 Qd6 22.Rc3 f5
23.Rg3 Kh7 24.Re1 Rd8 25.Rh3 g5 26.Nf6+ Kg7 27.Qe2 Rh8 28.Nxd5 Qxd5 29.Re3 Rhe8
30.Qd3  1/2-1/2

[Event "17th OIBM 2013"]
[Site "Bad Wiessee GER"]
[Date "2013.10.31"]
[Round "7.2"]
[White "Nisipeanu,LD"]
[Black "Rozentalis,E"]
[Result "1-0"]
[WhiteElo "2674"]
[BlackElo "2616"]

1.d4 Nf6 2.c4 e6 3.Nc3 Bb4 4.e3 O-O 5.Bd3 c5 6.Ne2 d5 7.cxd5 cxd4 8.exd4 Nxd5
9.O-O Nc6 10.Bc2 Re8 11.Qd3 g6 12.Ne4 b6 13.a3 Be7 14.Rd1 Bb7 15.Bh6 Rc8
16.Bb3 Na5 17.Ba2 Nf6 18.N4c3 Nd5 19.Ne4 Nf6 20.N4c3 Nd5 21.b4 Nc6 22.Nxd5 exd5
23.Qf3 Bg5 24.Bxg5 Qxg5 25.Bxd5 Rc7 26.Ng3 Kg7 27.Nf1 Nd8 28.Bxb7 Nxb7 29.Ne3 Nd6
30.g3 Re4 31.h4 Qd8 32.Rac1 Rxc1 33.Rxc1 Rxd4 34.h5 Qg5 35.Rc7 a5 36.Rd7 axb4
37.axb4 b5 38.Kg2 Kh6 39.Qc6 Qe5 40.Qc1 Kg7 41.h6+ Kf6 42.Qc7  1-0

[Event "O2C Doeberl Cup 2014"]
[Site "Canberra AUS"]
[Date "2014.04.17"]
[Round "1.1"]
[White "Nisipeanu,LD"]
[Black "Hu,J"]
[Result "1-0"]
[WhiteElo "2686"]
[BlackElo "2113"]

1.d4 c6 2.e4 d5 3.Nc3 dxe4 4.Nxe4 Nd7 5.Ng5 Ngf6 6.Bd3 e6 7.N1f3 Bd6 8.Qe2 h6
9.Ne4 Nxe4 10.Qxe4 Nf6 11.Qh4 Qa5+ 12.Bd2 Qh5 13.Qxh5 Nxh5 14.Ne5 Ke7 15.Nc4 b6
16.Nxd6 Kxd6 17.O-O-O Bb7 18.g4 Nf6 19.Rhg1 Rad8 20.h4 Ke7 21.g5 hxg5 22.hxg5 Nh5
23.g6 Rxd4 24.gxf7 c5 25.Be3 Rd7 26.Bg6 Rxd1+ 27.Rxd1 Bf3 28.Rd3 Bd5 29.f8=Q+ Kxf8
30.c4 Nf6 31.cxd5 exd5 32.Bf4 Ke7 33.Re3+ Kd7 34.Bf5+ Kc6 35.Re7 Rh5 36.Bg6 Rh1+
37.Kd2 a5 38.Rxg7 Kb5 39.Be5 Ne4+ 40.Bxe4 dxe4 41.Rg6 Rb1 42.Bc3  1-0

[Event "O2C Doeberl Cup 2014"]
[Site "Canberra AUS"]
[Date "2014.04.17"]
[Round "2.1"]
[White "Zhai Mo"]
[Black "Nisipeanu,LD"]
[Result "0-1"]
[WhiteElo "2243"]
[BlackElo "2686"]

1.e4 c5 2.Nf3 e6 3.d4 cxd4 4.Nxd4 a6 5.Bd3 Bc5 6.Nb3 Ba7 7.Qe2 Nc6 8.Be3 Bxe3
9.Qxe3 Nge7 10.c4 O-O 11.Nc3 d6 12.O-O e5 13.Rfd1 Be6 14.Bf1 Qb8 15.Rd2 f5
16.f3 f4 17.Qf2 b5 18.Nd5 Bf7 19.Rad1 Nxd5 20.cxd5 Ne7 21.Rc2 Rc8 22.Rdc1 Rxc2
23.Qxc2 Qb6+ 24.Kh1 Rc8 25.Qd2 Rxc1 26.Nxc1 g5 27.Nd3 Kg7 28.Qf2 Qc7 29.Qd2 Be8
30.Qb4 a5 31.Qc3 Qxc3 32.bxc3 Nc8 33.Ne1 Nb6 34.g3 Na4 35.c4 b4 36.Nd3 Kf6
37.Kg2 Nc3 38.Nc1 Ba4 39.Kf2 Bc2 40.Ke1 Bb1  0-1

[Event "O2C Doeberl Cup 2014"]
[Site "Canberra AUS"]
[Date "2014.04.18"]
[Round "3.1"]
[White "Nisipeanu,LD"]
[Black "Izzat,Kanan"]
[Result "1-0"]
[WhiteElo "2686"]
[BlackElo "2383"]

1.d4 Nf6 2.c4 g6 3.Nc3 d5 4.cxd5 Nxd5 5.e4 Nxc3 6.bxc3 Bg7 7.Be3 O-O 8.Nf3 Nc6
9.h4 e5 10.d5 Na5 11.h5 c6 12.hxg6 hxg6 13.c4 b5 14.Qc1 Nxc4 15.Bxc4 bxc4
16.Bh6 Qf6 17.Bxg7 Qxg7 18.dxc6 Qf6 19.Ng5 Qxc6 20.Nh7 f6 21.Qh6 Qxe4+ 22.Kf1 Bb7
23.Ng5 Qxg2+ 24.Ke2  1-0

[Event "O2C Doeberl Cup 2014"]
[Site "Canberra AUS"]
[Date "2014.04.18"]
[Round "4.1"]
[White "Illingworth,M"]
[Black "Nisipeanu,LD"]
[Result "1/2-1/2"]
[WhiteElo "2447"]
[BlackElo "2686"]

1.d4 Nf6 2.c4 e6 3.Nc3 Bb4 4.e3 O-O 5.Ne2 d5 6.a3 Be7 7.cxd5 exd5 8.Nf4 g6
9.Bd3 Re8 10.O-O Nbd7 11.Bc2 Nf8 12.f3 Ne6 13.Nfe2 c5 14.Qe1 b5 15.Qf2 Bd7
16.dxc5 Bxc5 17.Rd1 Rc8 18.Bb3 Bc6 19.Nd4 Nxd4 20.exd4 Bd6 21.Bg5 h6 22.Bh4 Qc7
23.Bg3 Bxg3 24.Qxg3 Qb6 25.Qf2 a5  1/2-1/2

[Event "O2C Doeberl Cup 2014"]
[Site "Canberra AUS"]
[Date "2014.04.19"]
[Round "5.1"]
[White "Nisipeanu,LD"]
[Black "Van Wely,L"]
[Result "1-0"]
[WhiteElo "2686"]
[BlackElo "2685"]

1.d4 Nf6 2.c4 e6 3.Nf3 d5 4.Nc3 c6 5.g3 dxc4 6.Bg2 b5 7.Ne5 Qb6 8.O-O Bb7
9.e4 Be7 10.Bg5 O-O 11.Ng4 Qd8 12.Bxf6 Bxf6 13.e5 Be7 14.Nxb5 Nd7 15.Nc3 Rb8
16.Qe2 Qb6 17.Rad1 c5 18.d5 h5 19.Ne3 Nxe5 20.Qxh5 Qxb2 21.Rc1 f5 22.Rc2 Qb6
23.Rb1 Qa6 24.Rxb7 Rxb7 25.dxe6 g6 26.Qh6 Rd8 27.Re2 Rd3 28.Nxf5 gxf5 29.Rxe5 Bf8
30.Bxb7 Qxb7 31.Qg6+ Qg7 32.Qxg7+ Kxg7 33.e7  1-0

[Event "O2C Doeberl Cup 2014"]
[Site "Canberra AUS"]
[Date "2014.04.19"]
[Round "6.1"]
[White "Vajda,Le"]
[Black "Nisipeanu,LD"]
[Result "1/2-1/2"]
[WhiteElo "2597"]
[BlackElo "2686"]

1.Nf3 d5 2.g3 g6 3.Bg2 Bg7 4.O-O e5 5.d3 Ne7 6.e4 d4 7.a4 c5 8.Na3 Nbc6 9.Nc4 O-O
10.Ne1 Be6 11.f4  1/2-1/2

[Event "O2C Doeberl Cup 2014"]
[Site "Canberra AUS"]
[Date "2014.04.20"]
[Round "7.1"]
[White "Nisipeanu,LD"]
[Black "Zhao Zong Yuan"]
[Result "1-0"]
[WhiteElo "2686"]
[BlackElo "2573"]

1.d4 d5 2.c4 c6 3.cxd5 cxd5 4.Bf4 Nc6 5.e3 Nf6 6.Nc3 Bf5 7.Qb3 Na5 8.Qa4+ Bd7
9.Qc2 Rc8 10.Nf3 e6 11.Bd3 Bb4 12.O-O O-O 13.Ne5 Nc4 14.Rad1 b5 15.Bg5 h6
16.Bxf6 gxf6 17.Nxd7 Qxd7 18.e4 Nxb2 19.Nxd5 exd5 20.Qxb2 Bc3 21.Qe2 dxe4
22.Qxe4 f5 23.Qf3 Rcd8 24.Bxf5 Qc7 25.Qh3 Rd6 26.Qg3+ Kh8 27.Qe5+  1-0

[Event "O2C Doeberl Cup 2014"]
[Site "Canberra AUS"]
[Date "2014.04.20"]
[Round "8.1"]
[White "Melkumyan,H"]
[Black "Nisipeanu,LD"]
[Result "1/2-1/2"]
[WhiteElo "2633"]
[BlackElo "2686"]

1.d4 d5 2.c4 e6 3.Nf3 Nf6 4.Nc3 Be7 5.Bf4 O-O 6.a3 dxc4 7.e4 b5 8.Nxb5 Nxe4
9.Bxc4 Nd6 10.Bd3 Nxb5 11.Bxb5 Bb7 12.O-O Bd6 13.Bg3 Nd7 14.Bd3 Bxg3 15.hxg3 c5
16.Qc2 h6 17.dxc5 Nxc5 18.Bh7+ Kh8 19.b4 Na4 20.Rac1 Qf6 21.Bd3 Rfd8 22.Be2 Nb6
23.Qc7 Rd7 24.Qf4 Qxf4 25.gxf4 f6 26.Rfe1 Rad8 27.Bb5 Rd6 28.Nh4 a6 29.Bf1 g5
30.fxg5 hxg5 31.Nf3 Bxf3 32.gxf3 Nd5 33.Red1 Kg7 34.b5 axb5 35.Bxb5 Nf4 36.Rxd6 Rxd6
37.Ra1 Rd2 38.Bf1 Rd5 39.a4 Ra5 40.Bb5 Nd5 41.Bc6 Nb6 42.Rc1 f5 43.Rb1 Nc4
44.Kg2 Kf6 45.Bb5 Nb6 46.Bc6 Nc4 47.Bb5  1/2-1/2